<?xml version='1.0' encoding='UTF-8'?>
  <record xmlns="http://www.loc.gov/MARC21/slim">
    <leader>00000cam a2200000 i 4500</leader>
    <controlfield tag="001">ocn902597589</controlfield>
    <controlfield tag="003">OCoLC</controlfield>
    <controlfield tag="005">20251216195758.5</controlfield>
    <controlfield tag="008">150130m15741575sz a          001 0 ger d</controlfield>
    <datafield tag="040" ind1=" " ind2=" ">
      <subfield code="a">NLGGC</subfield>
      <subfield code="b">eng</subfield>
      <subfield code="e">rda</subfield>
      <subfield code="e">dcrmr</subfield>
      <subfield code="c">NLGGC</subfield>
      <subfield code="d">OCLCO</subfield>
      <subfield code="d">OCLCQ</subfield>
      <subfield code="d">OCLCL</subfield>
      <subfield code="d">QGJ</subfield>
      <subfield code="d">OCLCQ</subfield>
      <subfield code="d">OCLCL</subfield>
      <subfield code="d">OCLCQ</subfield>
      <subfield code="d">QGJ</subfield>
      <subfield code="d">OCLCO</subfield>
    </datafield>
    <datafield tag="029" ind1="0" ind2=" ">
      <subfield code="a">NLGGC</subfield>
      <subfield code="b">388943505</subfield>
    </datafield>
    <datafield tag="035" ind1=" " ind2=" ">
      <subfield code="a">(OCoLC)902597589</subfield>
    </datafield>
    <datafield tag="041" ind1="1" ind2=" ">
      <subfield code="a">ger</subfield>
      <subfield code="h">lat</subfield>
    </datafield>
    <datafield tag="082" ind1="1" ind2="4">
      <subfield code="a">610</subfield>
      <subfield code="q">OCoLC</subfield>
      <subfield code="2">15/eng/20231120</subfield>
      <subfield code="1">https://id.oclc.org/worldcat/ddc/E38rVRdwMt9CXDhRf7Y3vwdYRm</subfield>
    </datafield>
    <datafield tag="100" ind1="1" ind2=" ">
      <subfield code="a">Mizauld, Antoine,</subfield>
      <subfield code="d">1510-1578.</subfield>
      <subfield code="1">https://id.oclc.org/worldcat/entity/E39PBJcWp3YqyBTX8PqpgpHt8C</subfield>
    </datafield>
    <datafield tag="240" ind1="1" ind2="0">
      <subfield code="a">Alexikepus seu auxiliaris et medicus hortus.</subfield>
      <subfield code="l">German</subfield>
    </datafield>
    <datafield tag="245" ind1="1" ind2="0">
      <subfield code="a">Artztgarten Von Kreutern so in den Gärten gemeinlich wachsen, vnnd wie man durch dieselbigen allerhand kranckheiten vnd gebrächen leichtlich heilen sol. /</subfield>
      <subfield code="c">Durch Den Hochgelehrten Herren Anthonium Mizaldum auss Franckreich erstlich in Lateinischer sprach aussgangen. ; Jetzund aber neuwlich verteutschet durch Georgen Henisch von Bartfeld: vormals in Teutscher sprach nie gesehen worden.</subfield>
    </datafield>
    <datafield tag="264" ind1=" " ind2="1">
      <subfield code="a">Zu Basel :</subfield>
      <subfield code="b">bey Peter Perna.,</subfield>
      <subfield code="c">M. D. LXXV. [1575]</subfield>
    </datafield>
    <datafield tag="300" ind1=" " ind2=" ">
      <subfield code="a">[16], 349, [16], [1], [16], 125 pages ;</subfield>
      <subfield code="c">16 cm (8vo)</subfield>
    </datafield>
    <datafield tag="336" ind1=" " ind2=" ">
      <subfield code="a">tekst</subfield>
      <subfield code="b">txt</subfield>
      <subfield code="2">rdacontent/dut</subfield>
    </datafield>
    <datafield tag="337" ind1=" " ind2=" ">
      <subfield code="a">unmediated</subfield>
      <subfield code="b">n</subfield>
      <subfield code="2">rdamedia</subfield>
    </datafield>
    <datafield tag="338" ind1=" " ind2=" ">
      <subfield code="a">volume</subfield>
      <subfield code="b">nc</subfield>
      <subfield code="2">rdacarrier</subfield>
    </datafield>
    <datafield tag="340" ind1=" " ind2=" ">
      <subfield code="m">8vo</subfield>
      <subfield code="2">rdabf</subfield>
    </datafield>
    <datafield tag="500" ind1=" " ind2=" ">
      <subfield code="a">Imprint: Zu Basel bey Peter Perna. Mit Rd. Key. freyheit. 1575.</subfield>
    </datafield>
    <datafield tag="500" ind1=" " ind2=" ">
      <subfield code="a">Title page printed in red and black.</subfield>
    </datafield>
    <datafield tag="500" ind1=" " ind2=" ">
      <subfield code="a">Page 331 misnumbered 33.</subfield>
    </datafield>
    <datafield tag="500" ind1=" " ind2=" ">
      <subfield code="a">Contains also, with separate title page, paging and signing: Artztbüchlein : Neuwe vnnd wunderbare weiss begriffe[n]d wie man allerhand frücht, gärten kreuter, wurtzel, beer vnd Trauben artznen soll, dass man dieselb zum purgieren möge brauchen : auch ein schöne weiss v[n]d kunst mancherley wein zumachen, sampt einer erzehlung ettlicher geartzneten wein, so für allerhand kranckheiten nützlich sein / durch Antonium Mizaldum ; Jetzt aber aller erst allenhausshältern vnd liebhaber verteutscht, durch Georgen Henisch von Bartfeld.</subfield>
    </datafield>
    <datafield tag="500" ind1=" " ind2=" ">
      <subfield code="a">Artztbüchlein with imprint: Zu Basel, Bey Peter Perna. M. D. LXXIIII.</subfield>
    </datafield>
    <datafield tag="500" ind1=" " ind2=" ">
      <subfield code="a">Includes index.</subfield>
    </datafield>
    <datafield tag="500" ind1=" " ind2=" ">
      <subfield code="a">Initials.</subfield>
    </datafield>
    <datafield tag="500" ind1=" " ind2=" ">
      <subfield code="a">Signatures: )(⁸ a-z⁸ A-I⁸; )(1v, z8, A5v, A8v, I7v and I8 are blank.</subfield>
    </datafield>
    <datafield tag="510" ind1="4" ind2=" ">
      <subfield code="a">Verzeichnis der im deutschen Sprachbereich erschienenen Drucke des 16. Jahrhunderts (VD 16),</subfield>
      <subfield code="c">M 5682</subfield>
      <subfield code="u">https://gateway-bayern.de/VD16+M+5682</subfield>
    </datafield>
    <datafield tag="510" ind1="4" ind2=" ">
      <subfield code="3">Mizauld, Antoine. Arztbüchlein, neue und wunderbare Weise begreifend, wie man allerhand Früchte, Gartenkräuter, Wurzel, Beer und Trauben arznen soll:</subfield>
      <subfield code="a">Verzeichnis der im deutschen Sprachbereich erschienenen Drucke des 16. Jahrhunderts (VD 16),</subfield>
      <subfield code="c">M 5686</subfield>
      <subfield code="u">https://gateway-bayern.de/VD16+M+5686</subfield>
    </datafield>
    <datafield tag="650" ind1=" " ind2="0">
      <subfield code="a">Botany, Medical</subfield>
      <subfield code="v">Early works to 1800.</subfield>
    </datafield>
    <datafield tag="650" ind1=" " ind2="6">
      <subfield code="a">Plantes médicinales</subfield>
      <subfield code="v">Ouvrages avant 1800.</subfield>
    </datafield>
    <datafield tag="650" ind1=" " ind2="7">
      <subfield code="a">Botany, Medical</subfield>
      <subfield code="2">fast</subfield>
    </datafield>
    <datafield tag="655" ind1=" " ind2="7">
      <subfield code="a">Early works</subfield>
      <subfield code="2">fast</subfield>
    </datafield>
    <datafield tag="700" ind1="1" ind2="2">
      <subfield code="i">Container of (expression):</subfield>
      <subfield code="a">Mizauld, Antoine,</subfield>
      <subfield code="d">1510-1578.</subfield>
      <subfield code="t">Artificiosa methodus comparandorum hortensium fructuum, olerum, radicum, uvarum vinorum, carnium et iusculorum.</subfield>
      <subfield code="l">German.</subfield>
    </datafield>
    <datafield tag="700" ind1="1" ind2=" ">
      <subfield code="a">Henisch, Georg,</subfield>
      <subfield code="d">1549-1618,</subfield>
      <subfield code="e">translator.</subfield>
      <subfield code="4">trl</subfield>
      <subfield code="1">https://id.oclc.org/worldcat/entity/E39PBJqfHgckYDBXCKkYtc3hHC</subfield>
    </datafield>
    <datafield tag="700" ind1="1" ind2=" ">
      <subfield code="a">Perna, Pietro,</subfield>
      <subfield code="d">1519-approximately 1582,</subfield>
      <subfield code="e">printer.</subfield>
      <subfield code="4">prt</subfield>
      <subfield code="1">https://id.oclc.org/worldcat/entity/E39PBJx4p7KjKrFhMf4qggGJXd</subfield>
    </datafield>
    <datafield tag="700" ind1="1" ind2=" ">
      <subfield code="a">Hatstatt, Niclaus von,</subfield>
      <subfield code="e">dedicatee</subfield>
      <subfield code="4">dte</subfield>
    </datafield>
    <datafield tag="700" ind1="1" ind2=" ">
      <subfield code="a">Herwagen, Kaspar,</subfield>
      <subfield code="d">1528-1577,</subfield>
      <subfield code="e">dedicatee.</subfield>
      <subfield code="4">dte</subfield>
    </datafield>
    <datafield tag="700" ind1="1" ind2=" ">
      <subfield code="a">Ulm, Hanns Conrad von,</subfield>
      <subfield code="e">dedicatee</subfield>
      <subfield code="4">dte</subfield>
    </datafield>
    <datafield tag="740" ind1="0" ind2=" ">
      <subfield code="a">Arztbüchlein : Neuwe vnnd wunderbare weiss begriffe[n]d wie man allerhand frücht, gärten kreuter, wurtzel, beer vnd Trauben artznen soll, dass man dieselb zum purgieren möge brauchen.</subfield>
    </datafield>
    <datafield tag="740" ind1="0" ind2=" ">
      <subfield code="a">Arztbüchlein, neue und wunderbare Weise begreifend, wie man allerhand Früchte, Gartenkräuter, Wurzel, Beer und Trauben arznen soll</subfield>
    </datafield>
    <datafield tag="752" ind1=" " ind2=" ">
      <subfield code="a">Switzerland</subfield>
      <subfield code="d">Basel,</subfield>
      <subfield code="e">publication place.</subfield>
      <subfield code="4">pup</subfield>
    </datafield>
    <datafield tag="936" ind1=" " ind2=" ">
      <subfield code="a">BATCHLOAD</subfield>
    </datafield>
  </record>